Harry Potter Sudden Death Slytherin - Statistiken

Allgemein
  • Dieses Quiz wurde 117 mal gespielt
  • Das Durchschnittsergebnis liegt bei 6 aus 9
Answers on the Grid
Answers color-coded by a green-red scale on the quiz's grid according to % correct below.
Peter Pettigrew
Horace Slughorn
Cormac McLaggen
Albus Dumbledore
Narzissa Malfoy
Gellert Grindelwald
Gilderoy Lockhart
Blaise Zabini
Garrick Ollivander
Regulus Arcterus Black
Marcus Flint
Vincent Crabbe
Phineas Niggulus Black
Quirinius Quirrell
Alecto Carrow
Sybill Trelawney
James Potter
Tom Riddle
 
Antwortstatistiken
Antwort % Korrekt
Tom Riddle
83%
Narzissa Malfoy
82%
Vincent Crabbe
74%
Horace Slughorn
67%
Regulus Arcterus Black
60%
Blaise Zabini
58%
Phineas Niggulus Black
58%
Marcus Flint
56%
Alecto Carrow
54%
Keine übereinstimmenden Quizze gefunden
Verteilung der Resultate
Anzahl Personen mit jedem Resultat
Perzentil nach korrekt beantworteten Fragen
Ihre Resultats-Entwicklung
Sie haben dieses Quiz noch nicht gespielt